| Tag |
First Indicator |
Second Indicator |
Subfields |
| LEADER |
00000cam a2200000Ia 4500 |
| 001 |
in00002257572 |
| 005 |
20211129153214.0 |
| 006 |
m d f |
| 007 |
cr cn||||||||| |
| 008 |
040604s2003 wiuab s f000 0 eng d |
| 035 |
|
|
|a (OCoLC)ocm55591665
|
| 040 |
|
|
|a GIS
|c GIS
|d OCLCQ
|d GPO
|d MvI
|d UtOrBLW
|
| 043 |
|
|
|a n-usm--
|
| 049 |
|
|
|a WWW
|
| 074 |
|
|
|a 0621-L (online)
|
| 086 |
0 |
|
|a I 19.127:2004-3037
|
| 245 |
0 |
0 |
|a Development of landscape models for conservation of freshwater mussels in the Upper Mississippi River Basin.
|
| 264 |
|
1 |
|a La Crosse, WI :
|b U.S. Dept. of the Interior, U.S. Geological Survey, Upper Midwest Environmental Sciences Center,
|c [2003]
|
| 336 |
|
|
|a text
|b txt
|2 rdacontent
|
| 337 |
|
|
|a computer
|b c
|2 rdamedia
|
| 338 |
|
|
|a online resource
|b cr
|2 rdacarrier
|
| 490 |
1 |
|
|a Fact sheet ;
|v FS-2004-3037
|
| 538 |
|
|
|a Mode of access: Internet from the UMESC web site. Address as of 5/08/07: http://www.umesc.usgs.gov/documents/fact%5Fsheets/mussel.pdf ; current access is available via PURL.
|
| 500 |
|
|
|a Title from PDF title screen (viewed June 3, 2004).
|
| 500 |
|
|
|a "May 2003."
|
| 500 |
|
|
|a Electronic resource.
|
| 650 |
|
0 |
|a Freshwater mussels
|z Mississippi River Watershed.
|
| 650 |
|
0 |
|a Freshwater mussels
|x Habitat
|z Mississippi River Watershed.
|
| 710 |
2 |
|
|a Upper Midwest Environmental Sciences Center (Geological Survey)
|
| 830 |
|
0 |
|a Fact sheet (Geological Survey (U.S.)) ;
|v 2004-3037.
|
| 856 |
4 |
0 |
|u https://purl.fdlp.gov/GPO/LPS81324
|t 0
|
| 999 |
|
|
|a MARS
|
| 999 |
f |
f |
|s 5cc8834a-958a-35ed-97fa-fa9c26644ef0
|i ff9476d5-5885-31fc-99c4-5f1199a180ee
|t 0
|
| 952 |
f |
f |
|a Texas A&M University
|b College Station
|c Electronic Resources
|d Available Online
|t 0
|e I 19.127:2004-3037
|h Superintendent of Documents classification
|
| 998 |
f |
f |
|a I 19.127:2004-3037
|t 0
|l Available Online
|